00384 a2200133 450000500170000002000180001708200200003510000170005524500400007225000120011226000350012430000710015970000200023020250613081934.0 a0-07-912147-0 a515.93[dc20]BRO aBROWN. J. W. aComplex Variables and Applications. a6th Ed. aNew York,bBROWN. J. W,c1996. axvi,386p, ill, table, figurebAppendix, Bibliography & Indexc24cm aCHURCHILL. R. V